000 00663nam a2200265Ia 4500
005 20260121173131.0
008 008 260114s9999 xx 000 0 eng d
020 _a9783030963989
037 _aEBOOK
040 _aCRL
040 _beng
040 _cCRL
041 _2eng
041 _aeng
084 _qCRL
100 _aBalázs Pejó, Damien Desfontaines
_91097062
245 0 _aGuide to Differential Privacy Modifications
260 _bSpringer
260 _bSpringer
260 _c2022
856 _uhttps://link.springer.com/openurl?genre=book&isbn=978-3-030-96398-9
942 _cEBOOK
999 _c1662805
_d1662805